[Event "4NCL 3 South pool A"]
[Site "Reading, ENG"]
[Date "2018.01.14"]
[Round "4.11"]
[White "Willmoth, Robert F"]
[Black "Hall, John"]
[Result "0-1"]
[WhiteElo "2267"]
[BlackElo "2252"]
[PlyCount "75"]
[EventDate "2018.01.14"]

1. d4 Nf6 2. Nf3 c5 3. d5 g6 4. c4 Bg7 5. Nc3 d6 6. e3 O-O 7. Be2 e6 8. O-O
exd5 9. cxd5 Na6 10. Nd2 Nc7 11. a4 Nfxd5 12. Nxd5 Nxd5 13. Nc4 Be6 14. e4 Nb4
15. Qb3 Nc6 16. Bf4 Nd4 17. Qd3 d5 18. exd5 Qxd5 19. Ne3 Qb3 20. Rfb1 Rfd8 21.
Qd1 Qb4 22. g3 Nb3 23. Qf1 Nd2 24. Qg2 Nxb1 25. Rxb1 Rd2 26. Bb5 Rxb2 27. Rxb2
Bxb2 28. Qxb7 Rd8 29. Kg2 Qd4 30. Bc6 c4 31. Bg5 Rc8 32. Bh6 Qb6 33. Qxb6 axb6
34. Be4 Bd4 35. Nc2 Bc5 36. Bd2 Rd8 37. Bc3 Bd5 38. Kf3 0-1

[Event "4NCL 3 South pool A"]
[Site "Reading, ENG"]
[Date "2018.01.14"]
[Round "4.13"]
[White "Villiers, Thomas"]
[Black "Mossong, Hubert"]
[Result "1-0"]
[WhiteElo "2222"]
[BlackElo "2132"]
[PlyCount "83"]
[EventDate "2018.01.14"]

1. c4 d6 2. g3 c6 3. Bg2 Nf6 4. Nc3 e5 5. d4 Qc7 6. e3 Be7 7. Nge2 O-O 8. O-O
Bf5 9. e4 Bg6 10. h3 a6 11. f4 exf4 12. Nxf4 Nbd7 13. h4 h6 14. Nxg6 fxg6 15.
Be3 Nh5 16. Qg4 Rxf1+ 17. Rxf1 Nf8 18. Bh3 Nf6 19. Qf4 Kh7 20. g4 Ne6 21. Qh2
Nf8 22. g5 Ng8 23. Rf7 Qd8 24. Qf4 Qe8 25. gxh6 Bf6 26. Rxb7 Rb8 27. Ra7 Rxb2
28. hxg7 Bxg7 29. Qxd6 Rc2 30. Bf4 Kh8 31. Be5 Bxe5 32. dxe5 Nh7 33. e6 Nhf6
34. e5 Nh5 35. Qc7 Qe7 36. Qxe7 Nxe7 37. Rxe7 Rxc3 38. Bg2 Ng7 39. Bxc6 Rxc4
40. Rxg7 Rxc6 41. e7 Re6 42. Rf7 1-0

[Event "4NCL 3 South pool A"]
[Site "Reading, ENG"]
[Date "2018.01.14"]
[Round "4.14"]
[White "McGann, Gary"]
[Black "Orgler, Philipp"]
[Result "1/2-1/2"]
[WhiteElo "2140"]
[BlackElo "2162"]
[PlyCount "35"]
[EventDate "2018.01.14"]

1. d4 d5 2. Nf3 Nc6 3. Bf4 Bg4 4. e3 e6 5. h3 Bxf3 6. Qxf3 Bd6 7. c3 Bxf4 8.
exf4 Nge7 9. Bd3 Ng6 10. Nd2 Qf6 11. g3 O-O-O 12. O-O-O Kb8 13. Kb1 Nge7 14.
Qe2 h6 15. h4 g5 16. fxg5 hxg5 17. hxg5 Qxg5 18. Nb3 1/2-1/2

[Event "4NCL 3 South pool A"]
[Site "Reading, ENG"]
[Date "2018.01.14"]
[Round "4.15"]
[White "Ethelontis, Alexandros N"]
[Black "Taylor, Mark V"]
[Result "1-0"]
[WhiteElo "2132"]
[BlackElo "1952"]
[PlyCount "75"]
[EventDate "2018.01.14"]

1. c4 b6 2. Nc3 Bb7 3. e4 e6 4. Nge2 c5 5. g3 d6 6. Bg2 Nf6 7. O-O a6 8. d4
cxd4 9. Nxd4 Qc7 10. Be3 Nbd7 11. Rc1 Be7 12. Qe2 O-O 13. b3 Rfe8 14. Rfd1 Rac8
15. f3 Qb8 16. g4 h6 17. h4 Nh7 18. Qf2 Ne5 19. Qg3 g5 20. hxg5 hxg5 21. Nde2
Ng6 22. Qf2 b5 23. Ba7 Qa8 24. cxb5 Nf4 25. Be3 Nxe2+ 26. Qxe2 d5 27. e5 Nf8
28. Qd2 d4 29. Bxd4 Bxf3 30. Bxf3 Qxf3 31. Qg2 Qxg2+ 32. Kxg2 Ba3 33. Rb1 axb5
34. Nxb5 Rc2+ 35. Kf3 Bb4 36. a3 Bd2 37. Rb2 Rec8 38. Rxd2 1-0

[Event "4NCL 3 South pool A"]
[Site "Reading, ENG"]
[Date "2018.01.14"]
[Round "4.16"]
[White "Harvey, John"]
[Black "Pollack, Oscar"]
[Result "0-1"]
[WhiteElo "1765"]
[BlackElo "2057"]
[PlyCount "92"]
[EventDate "2018.01.14"]

1. e4 e6 2. d4 d5 3. Nc3 Bb4 4. e5 c5 5. a3 Bxc3+ 6. bxc3 Ne7 7. Qg4 O-O 8. Bd3
Nbc6 9. Nf3 f5 10. Qh4 Qa5 11. Bd2 Qa4 12. Ng5 h6 13. Nf3 c4 14. Be2 Qxc2 15.
O-O Qe4 16. Qxe4 fxe4 17. Ne1 b5 18. Nc2 Na5 19. Rab1 Nb3 20. Bc1 a5 21. Na1
Nxa1 22. Rxa1 Nc6 23. Bd2 Bd7 24. Rfb1 b4 25. Kf1 Rab8 26. axb4 axb4 27. cxb4
Nxd4 28. Ra7 Bb5 29. Bc3 Nc6 30. Rc7 Rf7 31. Rxc6 Bxc6 32. Ke1 Ba4 33. Bg4 Re7
34. Kd2 Kf7 35. Bd4 Reb7 36. Kc3 Bb3 37. Bc5 Ra8 38. Rb2 Ra1 39. g3 Rb8 40. Kd4
Bd1 41. Bh3 Ra3 42. Rd2 Rd3+ 43. Rxd3 exd3 44. Kc3 Be2 45. Be3 Rd8 46. Kd2 c3+
0-1

[Event "4NCL 3 South pool A"]
[Site "Reading, ENG"]
[Date "2018.01.14"]
[Round "4.21"]
[White "Gooding, Ian"]
[Black "Gill, Oliver"]
[Result "1/2-1/2"]
[WhiteElo "2000"]
[BlackElo "2142"]
[PlyCount "52"]
[EventDate "2018.01.14"]

1. e4 e5 2. Nf3 Nf6 3. Nc3 Bb4 4. Nxe5 O-O 5. Be2 Re8 6. Nd3 Bxc3 7. dxc3 Nxe4
8. O-O d6 9. f3 Nf6 10. Bg5 Nbd7 11. Nf2 h6 12. Bh4 Nf8 13. Ne4 g5 14. Bg3 Ng6
15. Bd3 Bd7 16. Qd2 Bc6 17. Nxf6+ Qxf6 18. f4 g4 19. Qf2 h5 20. f5 Ne5 21. Bh4
Qh6 22. Rae1 Nxd3 23. cxd3 Rxe1 24. Rxe1 Re8 25. Rxe8+ Bxe8 26. h3 Bc6 1/2-1/2

[Event "4NCL 3 South pool A"]
[Site "Reading, ENG"]
[Date "2018.01.14"]
[Round "4.22"]
[White "Pleasants, Allan J"]
[Black "Chan, Nevil"]
[Result "1-0"]
[WhiteElo "2139"]
[BlackElo "2018"]
[PlyCount "53"]
[EventDate "2018.01.14"]

1. e4 b6 2. d4 Bb7 3. Bd3 Nf6 4. Qe2 Nc6 5. c3 e5 6. d5 Ne7 7. Nf3 Ng6 8. h4 h5
9. Bg5 c5 10. Nbd2 Be7 11. Nc4 d6 12. Ne3 Bc8 13. g3 Nf8 14. Bb5+ N8d7 15. Nf5
Bf8 16. Nd2 g6 17. Ne3 Be7 18. O-O-O Ng8 19. Bxe7 Qxe7 20. f4 exf4 21. gxf4 Bb7
22. e5 O-O-O 23. Nec4 dxe5 24. fxe5 Nh6 25. Nd6+ Kb8 26. Nxb7 Kxb7 27. Bc6+ 1-0

[Event "4NCL 3 South pool A"]
[Site "Reading, ENG"]
[Date "2018.01.14"]
[Round "4.23"]
[White "Phillips, William"]
[Black "Wilson, Jaimie"]
[Result "0-1"]
[WhiteElo "1847"]
[BlackElo "2132"]
[PlyCount "72"]
[EventDate "2018.01.14"]

1. d4 Nf6 2. Nf3 e6 3. e3 d5 4. Bd3 c5 5. O-O Nc6 6. c3 Bd6 7. Nbd2 O-O 8. e4
cxd4 9. cxd4 dxe4 10. Nxe4 Be7 11. Be3 Nb4 12. Nxf6+ Bxf6 13. Be4 Qd6 14. a3
Nd5 15. Rc1 Bd7 16. Qd3 h6 17. Rc5 Bc6 18. Rfc1 Rfd8 19. b4 a6 20. Nd2 Bb5 21.
Qb3 Nf4 22. Bxf4 Qxf4 23. Qe3 Bg5 24. Qxf4 Bxf4 25. R1c2 Ba4 26. Rb2 Rxd4 27.
Bxb7 Rb8 28. Bxa6 Rxd2 29. Rxd2 Bxd2 30. g3 Bb3 31. Bd3 Bd5 32. b5 Ba5 33. a4
g6 34. Kf1 Kg7 35. Ke2 Rb7 36. f3 Rc7 0-1

[Event "4NCL 3 South pool A"]
[Site "Reading, ENG"]
[Date "2018.01.14"]
[Round "4.24"]
[White "McDougall, William M"]
[Black "Webster, Peter AN"]
[Result "0-1"]
[WhiteElo "2050"]
[BlackElo "1825"]
[PlyCount "122"]
[EventDate "2018.01.14"]

1. d4 e6 2. c4 Nf6 3. Nf3 Bb4+ 4. Bd2 a5 5. g3 d5 6. Qc2 Ra6 7. a3 Bxd2+ 8.
Nbxd2 O-O 9. Bg2 Nc6 10. O-O Re8 11. Rfd1 Re7 12. Rac1 Qe8 13. Re1 a4 14. Rcd1
Na5 15. Ne5 b5 16. cxb5 Qxb5 17. e4 Rb6 18. Bf1 Qe8 19. Nd3 Nxe4 20. Nxe4 dxe4
21. Nc5 Bd7 22. Nxe4 Bc6 23. Ng5 g6 24. Qc5 Nb7 25. Qe5 Bd5 26. Re4 f6 27. Qxf6
e5 28. dxe5 Rxf6 29. exf6 Bxe4 30. Bc4+ Kf8 31. Re1 Nd6 32. Ba2 Qc6 33. fxe7+
Kxe7 34. Nxe4 Nxe4 35. Bb1 Kf6 36. Bxe4 Qb5 37. Rb1 Qe2 38. f3 Ke5 39. Kh1 c5
40. Rc1 c4 41. h4 Qxb2 42. Rxc4 Qxa3 43. Kg2 Qb3 44. Rc5+ Kd4 45. Rc7 a3 46.
Rxh7 a2 47. Ra7 Ke3 48. Kh3 Qb2 49. Kg4 a1=Q 50. Rxa1 Qxa1 51. Bxg6 Qg1 52. f4
Kf2 53. f5 Qxg3+ 54. Kh5 Qf4 55. Bh7 Kg3 56. Kg6 Kxh4 57. f6 Qg5+ 58. Kf7 Kh5
59. Ke6 Qe3+ 60. Kf7 Kg5 61. Kg7 Qe5 0-1

[Event "4NCL 3 South pool A"]
[Site "Reading, ENG"]
[Date "2018.01.14"]
[Round "4.26"]
[White "Krawczuk, Michael J"]
[Black "Dhemrait, Surjit S"]
[Result "1-0"]
[WhiteElo "2042"]
[BlackElo "1544"]
[PlyCount "43"]
[EventDate "2018.01.14"]

1. e4 e5 2. d4 exd4 3. Nf3 Bb4+ 4. c3 dxc3 5. bxc3 Ba5 6. Bc4 Qf6 7. e5 Qc6 8.
Qb3 Nh6 9. Bxh6 Qxh6 10. Bxf7+ Kd8 11. O-O Nc6 12. Rd1 Rf8 13. Bd5 Bb6 14. Nbd2
Nxe5 15. Nxe5 Bxf2+ 16. Kh1 Bg3 17. Ndf3 Bxe5 18. Nxe5 Qf4 19. Nf7+ Rxf7 20.
Bxf7 d6 21. Rf1 Qh4 22. Be6 1-0

[Event "4NCL 3 South pool A"]
[Site "Reading, ENG"]
[Date "2018.01.14"]
[Round "4.31"]
[White "Adams, Mark"]
[Black "Brown, Thomas"]
[Result "1/2-1/2"]
[WhiteElo "1927"]
[BlackElo "2064"]
[PlyCount "87"]
[EventDate "2018.01.14"]

1. e4 c6 2. d4 d5 3. Nc3 g6 4. e5 Bg7 5. f4 Nh6 6. Nf3 f6 7. Bd3 Bg4 8. Ne2
Bxf3 9. gxf3 Na6 10. f5 Nxf5 11. Bxf5 gxf5 12. Rg1 Bf8 13. exf6 exf6 14. Qd3
Qd7 15. Bf4 Nb4 16. Qd2 c5 17. c3 Nc6 18. Qe3+ Qe7 19. dxc5 Qxe3 20. Bxe3 Ne5
21. O-O-O Nxf3 22. Rgf1 Nxh2 23. Rxf5 Ng4 24. Bg1 O-O-O 25. Rfxd5 Rxd5 26. Rxd5
h5 27. Rd3 h4 28. Rh3 Bh6+ 29. Kc2 Bg5 30. Bd4 Re8 31. Ng1 Ne3+ 32. Kd3 Ng2 33.
Kc4 Kd7 34. b4 Re1 35. Nf3 Rf1 36. b5 Nf4 37. Nxg5 fxg5 38. Rh2 h3 39. Rd2 g4
40. Bf2+ Ke8 41. Bh4 Ne6 42. c6 bxc6 43. bxc6 Kf7 44. Bg3 1/2-1/2

[Event "4NCL 3 South pool A"]
[Site "Reading, ENG"]
[Date "2018.01.14"]
[Round "4.32"]
[White "Heaven, Pete"]
[Black "Fletcher, John"]
[Result "1/2-1/2"]
[WhiteElo "2010"]
[BlackElo "1946"]
[PlyCount "98"]
[EventDate "2018.01.14"]

1. e4 c5 2. Nf3 Nc6 3. d4 cxd4 4. Nxd4 e5 5. Nb5 d6 6. N1c3 a6 7. Na3 b5 8. Nd5
Be7 9. Bd3 Nf6 10. Nxe7 Nxe7 11. O-O Bb7 12. Qe2 d5 13. exd5 Qxd5 14. f3 Rd8
15. Be3 O-O 16. Rfd1 Qe6 17. c4 b4 18. Nc2 a5 19. b3 Rfe8 20. a3 bxa3 21. Nxa3
e4 22. fxe4 Nxe4 23. Bxe4 Rxd1+ 24. Rxd1 Qxe4 25. Qf2 Nf5 26. Bd2 Qg4 27. Re1
Rxe1+ 28. Bxe1 h5 29. Nc2 Qe4 30. Bxa5 g5 31. Ne1 g4 32. Qd2 f6 33. Bc3 Kf7 34.
Qd3 Qe6 35. b4 h4 36. c5 Ba6 37. b5 Bxb5 38. Qxb5 Qe3+ 39. Kf1 Qxc3 40. c6 Ne7
41. Qh5+ Kf8 42. Qxg4 Qxc6 43. Qxh4 Qb5+ 44. Kf2 Qc5+ 45. Ke2 Qe5+ 46. Kf1 Nf5
47. Qb4+ Kf7 48. Nf3 Qa1+ 49. Kf2 Qa7+ 1/2-1/2

[Event "4NCL 3 South pool A"]
[Site "Reading, ENG"]
[Date "2018.01.14"]
[Round "4.33"]
[White "Davies, Peter"]
[Black "Ralphs, Nigel"]
[Result "1-0"]
[WhiteElo "1984"]
[BlackElo "2018"]
[PlyCount "57"]
[EventDate "2018.01.14"]

1. e4 e5 2. d4 exd4 3. Nf3 Nc6 4. Nxd4 Nf6 5. Nxc6 bxc6 6. e5 Qe7 7. Qe2 Nd5 8.
c4 Nb6 9. Nd2 Qe6 10. b3 a5 11. Bb2 a4 12. Qe3 Bb4 13. Be2 O-O 14. O-O a3 15.
Bd4 Ra5 16. f4 c5 17. Bc3 Bb7 18. f5 Qh6 19. Qxh6 gxh6 20. Bxb4 cxb4 21. Bf3
Ba8 22. Rae1 Re8 23. Bxa8 Rexa8 24. Ne4 Kh8 25. Nf6 Rc5 26. Rf3 Nxc4 27. bxc4
Rxc4 28. Nxd7 Rc2 29. e6 1-0

[Event "4NCL 3 South pool A"]
[Site "Reading, ENG"]
[Date "2018.01.14"]
[Round "4.34"]
[White "Trevelyan, John"]
[Black "Perrett, David C"]
[Result "1-0"]
[WhiteElo "2014"]
[BlackElo "1927"]
[PlyCount "97"]
[EventDate "2018.01.14"]

1. e4 Nf6 2. Nc3 d5 3. d3 dxe4 4. Nxe4 Nxe4 5. dxe4 Qxd1+ 6. Kxd1 e5 7. Bc4 Bc5
8. f3 Ke7 9. c3 a5 10. Ne2 Nd7 11. a4 Nb6 12. Bb3 Bd7 13. Kc2 Nc8 14. Rd1 f6
15. Bd2 Nd6 16. Be1 Rhd8 17. Rd5 Bb6 18. Rad1 Be6 19. R5d3 Nc4 20. Bxc4 Bxc4
21. Rxd8 Rxd8 22. Rxd8 Kxd8 23. Ng3 g6 24. b3 Ba6 25. c4 Ke7 26. Ne2 c6 27. Nc1
Bc7 28. Nd3 b6 29. Kd1 Ke6 30. Bxa5 bxa5 31. Nc5+ Kd6 32. Nxa6 c5 33. Nxc7 Kxc7
34. Ke2 Kd6 35. Kf2 Ke6 36. Kg3 h6 37. Kg4 Kd6 38. g3 Ke7 39. f4 h5+ 40. Kh4
Kf7 41. fxe5 fxe5 42. Kg5 Kg7 43. g4 hxg4 44. Kxg4 Kf7 45. Kg5 Kg7 46. h4 Kf7
47. h5 gxh5 48. Kxh5 Kf6 49. Kh6 1-0

[Event "4NCL 3 South pool A"]
[Site "Reading, ENG"]
[Date "2018.01.14"]
[Round "4.35"]
[White "Hughes, Anthony"]
[Black "Bevan, Peter M"]
[Result "1-0"]
[WhiteElo "1859"]
[BlackElo "1951"]
[PlyCount "109"]
[EventDate "2018.01.14"]

1. d4 d5 2. c4 c6 3. Nc3 Nf6 4. e3 a6 5. Nf3 b5 6. b3 Bg4 7. Be2 e6 8. Bd2 Nbd7
9. O-O Bd6 10. h3 Bh5 11. Re1 O-O 12. Qc2 Bg6 13. Bd3 Bxd3 14. Qxd3 b4 15. Na4
a5 16. Rac1 Qe7 17. cxd5 cxd5 18. Rc6 Rac8 19. Rec1 Nc5 20. dxc5 Rxc6 21. cxd6
Rxc1+ 22. Bxc1 Qxd6 23. Bb2 Ne4 24. Qd4 f6 25. Ne1 Rc8 26. f4 Qa6 27. Qb6 Qxb6
28. Nxb6 Rc7 29. Na4 Kf7 30. Kf1 Nc3 31. Bxc3 bxc3 32. Nc2 e5 33. fxe5 fxe5 34.
Ke2 Ke6 35. Kd3 Rf7 36. Nxc3 Rf2 37. Ne1 e4+ 38. Kd4 Rd2+ 39. Kc5 Ke5 40. Kb6
d4 41. exd4+ Kxd4 42. Nb5+ Ke3 43. Nc3 Rd8 44. Kxa5 Kd2 45. Nxe4+ Kxe1 46. a4
Re8 47. Nc5 Kd2 48. b4 Kc3 49. b5 Kc4 50. Kb6 Rf8 51. Nd7 Rf5 52. Kc7 Kb4 53.
b6 Kxa4 54. b7 Rb5 55. Nb6+ 1-0

[Event "4NCL 3 South pool A"]
[Site "Reading, ENG"]
[Date "2018.01.14"]
[Round "4.36"]
[White "Jones, Derek"]
[Black "Thomas, Gary"]
[Result "1-0"]
[WhiteElo "1914"]
[BlackElo "1850"]
[PlyCount "85"]
[EventDate "2018.01.14"]

1. c4 c5 2. Nf3 g6 3. d4 Nf6 4. Nc3 Bg7 5. e4 cxd4 6. Nxd4 Nc6 7. Be2 O-O 8.
Nc2 d6 9. Rb1 Be6 10. f3 Rc8 11. O-O Nd7 12. Nd5 f5 13. Nf4 Bf7 14. exf5 gxf5
15. Ne3 Nd4 16. Bd3 e5 17. Nfd5 Bg6 18. b3 Nc5 19. f4 exf4 20. Nxf4 Nce6 21.
Nxe6 Nxe6 22. Nxf5 Nc5 23. Bc2 Qd7 24. Nxg7 Rxf1+ 25. Kxf1 Qxg7 26. Bb2 Bxc2
27. Qxc2 Qe7 28. Qc3 Qe5 29. Qh3 Rf8+ 30. Kg1 Qf4 31. Qg3+ Qxg3 32. hxg3 Ne4
33. Re1 Re8 34. g4 Kf7 35. Rf1+ Kg6 36. Rf5 Re6 37. Kh2 Nf6 38. Kg3 Re3+ 39.
Kf4 Re4+ 40. Kf3 Re6 41. Bxf6 Rxf6 42. Kf4 h6 43. b4 1-0

[Event "4NCL 3 South pool A"]
[Site "Reading, ENG"]
[Date "2018.01.14"]
[Round "4.41"]
[White "Tozer, Philip A A"]
[Black "Britton, Richard L"]
[Result "0-1"]
[WhiteElo "2158"]
[BlackElo "2256"]
[PlyCount "98"]
[EventDate "2018.01.14"]

1. c4 Nf6 2. g3 g6 3. Nc3 Bg7 4. Bg2 O-O 5. e4 c5 6. Nge2 Nc6 7. O-O d6 8. d3
Bd7 9. h3 Ne8 10. Be3 e5 11. Qd2 Nd4 12. f4 a6 13. Rf2 Rb8 14. Raf1 f5 15. Nd5
Be6 16. fxe5 dxe5 17. Bg5 Nf6 18. Nxd4 cxd4 19. exf5 gxf5 20. g4 Kh8 21. gxf5
Bxd5 22. Bxd5 Qc7 23. Be6 Rbe8 24. Rg2 Nh5 25. Bh6 Rf6 26. Bxg7+ Nxg7 27. Qg5
Ref8 28. Bd5 h6 29. Qh4 Nxf5 30. Rxf5 Rxf5 31. Qxh6+ Qh7 32. Qxh7+ Kxh7 33. Be4
Kh6 34. Bxf5 Rxf5 35. Rg3 Rf6 36. Kg2 b5 37. b3 bxc4 38. bxc4 a5 39. Rf3 Re6
40. Kf2 Kg5 41. Ke1 Rb6 42. Rf2 Rb1+ 43. Ke2 a4 44. Kf3 Kf5 45. h4 Re1 46. Re2
Rd1 47. Rc2 Rxd3+ 48. Ke2 Rh3 49. c5 d3+ 0-1

[Event "4NCL 3 South pool A"]
[Site "Reading, ENG"]
[Date "2018.01.14"]
[Round "4.42"]
[White "Mackle, Dominic"]
[Black "Peck, Silas"]
[Result "1-0"]
[WhiteElo "2179"]
[BlackElo "2125"]
[PlyCount "95"]
[EventDate "2018.01.14"]

1. d4 d5 2. Bf4 Bf5 3. e3 e6 4. c4 Bxb1 5. Qxb1 Bb4+ 6. Kd1 dxc4 7. Bxc4 Bd6 8.
Bxd6 Qxd6 9. Nf3 Nd7 10. Ke2 c6 11. Rd1 Ngf6 12. b4 Nd5 13. Bxd5 cxd5 14. Kf1
O-O 15. Kg1 Rac8 16. a3 Rc3 17. Rc1 Qc7 18. Ne1 Rc8 19. Nd3 b6 20. Qb2 Qc4 21.
Rxc3 Qxc3 22. Rc1 Qxd3 23. Rxc8+ Nf8 24. h3 g5 25. Rc1 Ng6 26. Qc3 Qf5 27. Qc2
Qf6 28. Qc8+ Kg7 29. Qb8 h5 30. Qxa7 g4 31. hxg4 hxg4 32. Qc7 Qg5 33. g3 b5 34.
a4 e5 35. axb5 Kh6 36. Qxf7 exd4 37. Kg2 dxe3 38. Rh1+ Qh5 39. Rxh5+ Kxh5 40.
Qxd5+ Kh6 41. fxe3 Kg7 42. b6 Kf6 43. b7 Ne7 44. Qd6+ Kf7 45. b8=Q Ng6 46.
Qbc7+ Kg8 47. Qxg6+ Kf8 48. Qgf7# 1-0

[Event "4NCL 3 South pool A"]
[Site "Reading, ENG"]
[Date "2018.01.14"]
[Round "4.43"]
[White "Wallis, Ian J"]
[Black "Chin, Francis"]
[Result "1/2-1/2"]
[WhiteElo "2087"]
[BlackElo "2127"]
[PlyCount "97"]
[EventDate "2018.01.14"]

1. e4 e6 2. d4 d5 3. Nd2 c5 4. exd5 exd5 5. Ngf3 Nc6 6. Bb5 Bd6 7. O-O Nge7 8.
dxc5 Bxc5 9. Nb3 Bd6 10. Re1 O-O 11. Bd3 Bf5 12. c3 Qd7 13. Be3 Rfe8 14. h3
Rad8 15. Nbd4 Bg6 16. Qc2 Nxd4 17. Nxd4 Nc6 18. Bxg6 hxg6 19. Nf3 b6 20. Bg5
Rxe1+ 21. Rxe1 Re8 22. Rxe8+ Qxe8 23. Be3 Ne5 24. Qd1 Nxf3+ 25. Qxf3 Qe5 26. g3
Qe6 27. Kg2 Be5 28. a4 Bd6 29. a5 bxa5 30. Bxa7 a4 31. Qe3 Qxe3 32. Bxe3 f6 33.
Bc1 Kf7 34. f4 Bc5 35. Kf3 Ke6 36. Ke2 Kd6 37. Be3 g5 38. fxg5 fxg5 39. Bxc5+
Kxc5 40. Kd3 g4 41. hxg4 g5 42. Kd2 Kc4 43. Kc2 d4 44. cxd4 Kxd4 45. Kd2 Kc4
46. Kc2 Kb4 47. Kc1 Kb3 48. Kb1 Kc4 49. Kc2 1/2-1/2

[Event "4NCL 3 South pool A"]
[Site "Reading, ENG"]
[Date "2018.01.14"]
[Round "4.44"]
[White "Conway, Paul Bernard"]
[Black "Myall, Ivan J"]
[Result "0-1"]
[WhiteElo "1869"]
[BlackElo "2057"]
[PlyCount "54"]
[EventDate "2018.01.14"]

1. e4 e5 2. Nf3 Nc6 3. Bb5 Bc5 4. O-O Nd4 5. Nxd4 Bxd4 6. c3 Bb6 7. d4 c6 8.
Ba4 d6 9. Na3 Qf6 10. Nc4 Bc7 11. dxe5 dxe5 12. Bc2 b5 13. Ne3 Ne7 14. a4 bxa4
15. Rxa4 O-O 16. Nc4 Rd8 17. Qe2 Ng6 18. Kh1 Nf4 19. Qf3 a5 20. Rd1 Ba6 21. Be3
Bb5 22. Nb6 Bxb6 23. Bxb6 Rxd1+ 24. Qxd1 Qg6 25. g3 Be2 26. Rxa5 Rf8 27. Qd2
Qg4 0-1

[Event "4NCL 3 South pool A"]
[Site "Reading, ENG"]
[Date "2018.01.14"]
[Round "4.45"]
[White "Sheerin, Alex"]
[Black "Clancy, Martin J"]
[Result "1-0"]
[WhiteElo "1847"]
[BlackElo "1853"]
[PlyCount "73"]
[EventDate "2018.01.14"]

1. d4 Nf6 2. Bf4 g6 3. Nc3 Bg7 4. e4 c5 5. Nf3 cxd4 6. Nxd4 d6 7. Be3 a6 8. f3
b5 9. Qd2 Bb7 10. Bh6 O-O 11. h4 Qb6 12. Bxg7 Kxg7 13. h5 Rh8 14. hxg6 hxg6 15.
Rxh8 Kxh8 16. Qh6+ Kg8 17. O-O-O Nbd7 18. Be2 Nf8 19. g4 Rc8 20. Qd2 Rc5 21.
Rh1 N8h7 22. Nb3 Re5 23. Kb1 g5 24. Bd3 Nf8 25. Nd5 Bxd5 26. exd5 Nxd5 27. Qh2
f6 28. Qh5 Nf4 29. Bh7+ Nxh7 30. Qxh7+ Kf8 31. Qh8+ Kf7 32. Rh7+ Ke6 33. Qc8+
Kd5 34. Rh1 Ne6 35. c4+ bxc4 36. Qa8+ Qc6 37. Rd1+ 1-0

[Event "4NCL 3 South pool A"]
[Site "Reading, ENG"]
[Date "2018.01.14"]
[Round "4.46"]
[White "Rosario, Paulo Rui Beijinho d"]
[Black "Woodcock, Keith D"]
[Result "0-1"]
[WhiteElo "1822"]
[BlackElo "1690"]
[PlyCount "59"]
[EventDate "2018.01.14"]

1. d4 d5 2. c4 dxc4 3. Nf3 Nf6 4. e3 Bf5 5. Bxc4 e6 6. Qb3 Qc8 7. Nc3 c6 8. O-O
b5 9. Be2 Nbd7 10. Ng5 h6 11. e4 hxg5 12. exf5 Qc7 13. f4 exf5 14. Bxb5 cxb5
15. Re1+ Be7 16. Qxb5 g6 17. Re5 Kf8 18. fxg5 Nxe5 19. gxf6 Nf3+ 20. Kf2 Nxd4
21. fxe7+ Qxe7 22. Qc4 Qh4+ 23. Kf1 Re8 24. Bg5 Qxg5 25. Qxd4 Rh4 26. Qc5+ Kg8
27. Nd5 Rxh2 28. Qg1 Qh4 29. Nf6+ Kh8 30. Rd1 0-1